Ústav jazykov Ekonomickej univerzity v Bratislave bol 24. - 28.11.2008 na "Týždeň vedy a techniky na Slovensku" dobre pripravený

Gespeichert in:
Bibliographische Detailangaben
1. Verfasser: Adamcová, Lívia
Format: Buchkapitel
Sprache:Slowakisch
Tags: Tag hinzufügen
Keine Tags, Fügen Sie das erste Tag hinzu!

MARC

LEADER 00000naa$a2200000$$$4500
001 0091594
005 20240502072024.9
041 0 |a slo 
044 |a SK 
245 1 0 |a Ústav jazykov Ekonomickej univerzity v Bratislave bol 24. - 28.11.2008 na "Týždeň vedy a techniky na Slovensku" dobre pripravený  |c Lívia Adamcová 
100 1 |a Adamcová, Lívia